| 000 | 00527nam a2200193 a 4500 | ||
|---|---|---|---|
| 005 | 20220603063557.0 | ||
| 008 | 991125s19941996mx 000 0 spa u | ||
| 020 | _a9681645561 | ||
| 035 | _aUPN01000043177 | ||
| 049 | _aI | ||
| 050 | 4 |
_aPZ78 _bS7.68 |
|
| 100 | 1 | _aStead, Ralph | |
| 245 | 1 | 1 |
_a¡Osito! ¿Dónde estás? / _cRalph Stead ; tr. Catalina Domínguez. |
| 260 |
_aMéxico : _bFCE, _c1994. |
||
| 300 |
_a23 p. : _bil. |
||
| 440 | 0 | _aA la orilla del viento | |
| 650 | 4 |
_aCuentos infantiles _96744 |
|
| 905 | _aInfantil | ||
| 999 |
_c43177 _d43177 |
||